[Event "Omegna op"]
[Site "Omegna"]
[Date "2024.08.09"]
[Round "1"]
[White "Brociner, Beniamino"]
[Black "Rossi, Emanuele"]
[Result "1-0"]
[WhiteElo "2183"]
[BlackElo "1723"]
[PlyCount "37"]
[EventDate "2024.08.09"]
[EventType "swiss"]
[EventRounds "5"]
[EventCountry "ITA"]
[SourceTitle "EXT 2025"]
[Source "ChessBase"]
[SourceDate "2024.10.14"]
[SourceVersion "1"]
[SourceVersionDate "2024.10.14"]
[SourceQuality "1"]

1. Nf3 Nc6 2. d4 d5 3. g3 Nf6 4. Bg2 e6 5. 0-0 Bd6 6. c4 dxc4 7. Nbd2 Bd7 8. e4 e5 9. dxe5 Bxe5 10. Nxc4 Qe7 11. Nfxe5 Nxe5 12. Nxe5 Qxe5 13. Bf4 Qxb2 14. Rb1 Qxa2 15. Rxb7 Bc6 16. Rxc7 Rd8 17. Qc1 Bb5 18. Qc5 Bxf1 19. Qe7# 1-0

[Event "Lesa op"]
[Site "Lesa"]
[Date "2024.05.03"]
[Round "1"]
[White "Marangone, Erick"]
[Black "Rossi, Emanuele"]
[Result "1-0"]
[WhiteElo "2014"]
[BlackElo "1739"]
[PlyCount "77"]
[EventDate "2024.05.03"]
[EventType "swiss"]
[EventRounds "5"]
[EventCountry "SUI"]
[SourceTitle "CBM 220 Extra"]
[Source "ChessBase"]
[SourceDate "2024.07.31"]
[SourceVersion "1"]
[SourceVersionDate "2024.07.31"]
[SourceQuality "1"]

1. e4 e5 2. Nf3 Nc6 3. Bc4 Nf6 4. d3 Be7 5. Nc3 0-0 6. h3 d6 7. 0-0 h6 8. Re1 Be6 9. Bb3 Qd7 10. d4 exd4 11. Nxd4 Nxd4 12. Qxd4 c5 13. Qd3 a6 14. Bxe6 fxe6 15. e5 Nh7 16. exd6 Bxd6 17. Ne4 Rad8 18. Qb3 Qf7 19. Be3 Ng5 20. Nxd6 Rxd6 21. Bxc5 Rd2 22. Qe3 Rfd8 23. Rac1 R8d5 24. b4 Qg6 25. h4 Re5 26. Qg3 Rxe1+ 27. Rxe1 Qxc2 28. hxg5 hxg5 29. Qe3 Qxa2 30. Qxe6+ Qxe6 31. Rxe6 Rd7 32. Rg6 Rd5 33. Rb6 Rd7 34. Kh2 Kf7 35. Kg3 g6 36. Kg4 a5 37. bxa5 Kg7 38. Be3 Rf7 39. Rb5 1-0

[Event "Robecchetto op-B 26th"]
[Site "Robecchetto"]
[Date "2015.07.25"]
[Round "2"]
[White "Rossi, Emanuele"]
[Black "Poletto, Daniele"]
[Result "0-1"]
[WhiteElo "1593"]
[BlackElo "1712"]
[PlyCount "124"]
[EventDate "2015.07.24"]
[EventType "swiss"]
[EventRounds "5"]
[EventCountry "ITA"]
[SourceTitle "EXT 2023"]
[Source "ChessBase"]
[SourceDate "2022.10.05"]
[SourceVersion "1"]
[SourceVersionDate "2022.10.05"]
[SourceQuality "1"]

1. e4 c5 2. d4 cxd4 3. c3 Nf6 4. e5 Nd5 5. cxd4 d6 6. Bb5+ Nc6 7. Bxc6+ bxc6 8. Nf3 Bd7 9. 0-0 dxe5 10. Nxe5 e6 11. Be3 Be7 12. Qg4 Bf6 13. Nd2 Nxe3 14. fxe3 h5 15. Qe2 Bxe5 16. dxe5 Qg5 17. Nc4 0-0 18. Rf4 c5 19. Qf3 Rac8 20. h4 Qg6 21. Nd6 Bc6 22. Qf2 Rb8 23. Rf1 Rb4 24. b3 Rxf4 25. exf4 Qg4 26. Re1 Bd5 27. Re3 f6 28. exf6 Rxf6 29. g3 Qh3 30. Qh2 Qg4 31. Qe2 Rxf4 32. Qxg4 Rxg4 33. Nc8 a5 34. Nd6 a4 35. Kf2 axb3 36. axb3 Rb4 37. Rc3 Rxb3 38. Rxb3 Bxb3 39. Ke3 Kf8 40. Ne4 c4 41. Kd4 Ke7 42. Nc3 Kd6 43. Ne4+ Ke7 44. Ng5 Kf6 45. Nf3 Kf5 46. Ke3 Kg4 47. Kf2 c3 48. Nd4 Bc4 49. Ne2 c2 50. Nc1 e5 51. Kg2 e4 52. Kf2 Kh3 53. Ke3 Kxg3 54. Kxe4 Kxh4 55. Kd4 Bf7 56. Kc3 Bg6 57. Kd2 Bh7 58. Ne2 g5 59. Nd4 g4 60. Nb3 g3 61. Ke1 Kh3 62. Kf1 Kh2 0-1

[Event "Arolo di Leggiuno op 4th"]
[Site "Arolo di Leggiuno"]
[Date "2015.05.10"]
[Round "4"]
[White "Sidoti, Gaetano"]
[Black "Rossi, Emanuele"]
[Result "0-1"]
[WhiteElo "1326"]
[BlackElo "1630"]
[PlyCount "68"]
[EventDate "2015.05.08"]
[EventType "swiss"]
[EventRounds "5"]
[EventCountry "ITA"]
[SourceTitle "CBM 166 Extra"]
[Source "ChessBase"]
[SourceDate "2015.06.18"]
[SourceVersion "1"]
[SourceVersionDate "2015.06.18"]
[SourceQuality "1"]

1. e4 e5 2. f4 d6 3. Nf3 Bg4 4. fxe5 Bxf3 5. Qxf3 dxe5 6. Bc4 Nf6 7. 0-0 Qd4+ 8. Kh1 Qxc4 9. d3 Qe6 10. Nc3 Bd6 11. Bg5 Nbd7 12. a3 0-0-0 13. Qe3 Bc5 14. Qf3 h6 15. Bxf6 Nxf6 16. b4 Bd4 17. Na4 Bxa1 18. Rxa1 Rdf8 19. Nc5 Qd6 20. Rd1 b6 21. Qf5+ Kb8 22. Na6+ Kb7 23. b5 Qe6 24. Qf1 c5 25. a4 Ng4 26. Ra1 f5 27. Qg1 Qd6 28. h3 h5 29. Rd1 fxe4 30. hxg4 hxg4+ 31. Qh2 g3 32. Qh3 Qd4 33. c3 Qf2 34. dxe4 Rxh3+ 0-1

[Event "Robecchetto Primavera op 12th"]
[Site "Robecchetto"]
[Date "2015.05.07"]
[Round "5"]
[White "Santarelli, Sabatino"]
[Black "Rossi, Emanuele"]
[Result "1-0"]
[WhiteElo "1614"]
[BlackElo "1630"]
[PlyCount "83"]
[EventDate "2015.04.02"]
[EventType "swiss"]
[EventRounds "7"]
[EventCountry "ITA"]
[SourceTitle "EXT 2017"]
[Source "ChessBase"]
[SourceDate "2016.10.25"]
[SourceVersion "1"]
[SourceVersionDate "2016.10.25"]
[SourceQuality "1"]

1. d4 c5 2. Nf3 cxd4 3. Nxd4 e5 4. Nb3 Nf6 5. Bg5 Be7 6. e3 0-0 7. Be2 d5 8. 0-0 Nc6 9. h3 Be6 10. c3 h6 11. Bh4 g5 12. Bg3 Ne4 13. Bh2 f5 14. N1d2 Nf6 15. Nf3 Bd6 16. Rc1 Rf7 17. c4 g4 18. hxg4 fxg4 19. cxd5 Bxd5 20. Nfd2 Rg7 21. Bc4 e4 22. Bxd6 Qxd6 23. Nxe4 Nxe4 24. Qxd5+ Kh8 25. Qxe4 Rf8 26. Nd4 Nxd4 27. Qxd4 Qg6 28. Bd3 Qg5 29. Rc7 h5 30. Rxb7 Rd8 31. Qxg7+ Qxg7 32. Rxg7 Kxg7 33. Rd1 Kf6 34. g3 Rb8 35. b3 Rb6 36. Bc4 Rc6 37. a4 a6 38. Rd5 Kg6 39. Kg2 Rf6 40. Ra5 h4 41. gxh4 Rf3 42. Rg5+ 1-0

[Event "Biella Vercelli Province-ch"]
[Site "Biella"]
[Date "2015.03.08"]
[Round "4"]
[White "Rossi, Emanuele"]
[Black "Lavino, Stefano"]
[Result "1/2-1/2"]
[WhiteElo "1634"]
[BlackElo "1633"]
[PlyCount "123"]
[EventDate "2015.03.06"]
[EventType "swiss"]
[EventRounds "5"]
[EventCountry "ITA"]
[SourceTitle "EXT 2017"]
[Source "ChessBase"]
[SourceDate "2016.10.25"]
[SourceVersion "1"]
[SourceVersionDate "2016.10.25"]
[SourceQuality "1"]

1. e4 d5 2. exd5 Qxd5 3. Nc3 Qa5 4. Be2 Nf6 5. Nf3 c6 6. 0-0 Bf5 7. d3 e6 8. Nd4 Bg6 9. Bf3 Bb4 10. Nce2 0-0 11. Nb3 Qc7 12. Bf4 Bd6 13. Bg3 Nbd7 14. Nd2 Ne5 15. Nf4 Rad8 16. Qe2 Rd7 17. Ne4 Nxf3+ 18. Qxf3 Nxe4 19. dxe4 Rfd8 20. Nd3 Qa5 21. Bxd6 Rxd6 22. b4 Qc7 23. Qf4 Qe7 24. Rfe1 Rd4 25. a3 Qd6 26. Qxd6 R8xd6 27. Nc5 b6 28. c3 Rc4 29. Nb7 Rd7 30. Red1 Rxd1+ 31. Rxd1 h6 32. f3 Rxc3 33. Ra1 Rd3 34. e5 f6 35. f4 fxe5 36. fxe5 Rd5 37. Re1 c5 38. bxc5 bxc5 39. Nd6 Kf8 40. a4 a5 41. Nc4 Rd4 42. Nxa5 Rxa4 43. Nb7 Rc4 44. Nd6 Rc2 45. h3 c4 46. g4 c3 47. h4 h5 48. gxh5 Bxh5 49. Ne4 Ke7 50. Ra1 Kf7 51. Ng5+ Kg6 52. Nxe6 Rd2 53. Nf4+ Kh6 54. Ra6+ g6 55. e6 c2 56. Rc6 Rd1+ 57. Kf2 c1Q 58. Rxc1 Rxc1 59. e7 g5 60. hxg5+ Kxg5 61. Nxh5 Rc8 62. Ng7 1/2-1/2

[Event "Robecchetto op-B 25th"]
[Site "Robecchetto"]
[Date "2014.12.28"]
[Round "4"]
[White "Rossi, Emanuele"]
[Black "Mantovan, Giuseppe"]
[Result "0-1"]
[WhiteElo "1635"]
[BlackElo "1804"]
[PlyCount "134"]
[EventDate "2014.12.26"]
[EventType "swiss"]
[EventRounds "6"]
[EventCountry "ITA"]
[SourceTitle "EXT 2017"]
[Source "ChessBase"]
[SourceDate "2016.10.25"]
[SourceVersion "1"]
[SourceVersionDate "2016.10.25"]
[SourceQuality "1"]

1. e4 e6 2. Nf3 d5 3. e5 c5 4. Bb5+ Bd7 5. Bxd7+ Nxd7 6. 0-0 Qc7 7. Re1 Rc8 8. d3 Ne7 9. Bf4 Ng6 10. Bg3 Qb6 11. b3 Be7 12. Nbd2 0-0 13. c4 Qc6 14. Qe2 Bd8 15. d4 Bb6 16. cxd5 Qxd5 17. Nc4 cxd4 18. Red1 Rfd8 19. Nxb6 Nxb6 20. Nxd4 Qc5 21. Nf3 Nd5 22. h3 Qc2 23. Rd2 Qc7 24. Rad1 Rd7 25. Rxd5 Rxd5 26. Rxd5 exd5 27. e6 Qe7 28. exf7+ Qxf7 29. Ng5 Qf5 30. Kh2 h6 31. Nf3 a6 32. Bd6 Qe4 33. Qd2 Rc6 34. Bg3 Rc2 35. Qa5 Rc8 36. Qb6 d4 37. Nxd4 Re8 38. f3 Qd3 39. Qd6 Kh7 40. Qc5 Qe3 41. Qd6 Qe7 42. Qd5 Rd8 43. Qc4 b5 44. Qd3 Qd7 45. Bf2 Qd6+ 46. g3 Kg8 47. Qe3 Rf8 48. f4 Ne7 49. Nf3 Nf5 50. Qe4 Ne7 51. Ne5 Qd5 52. Qe1 Rd8 53. Ng4 Nc6 54. Qe2 h5 55. Ne3 Nd4 56. Nxd5 Nxe2 57. Nc7 Rd2 58. Kg2 Rxa2 59. Kf3 Nc1 60. b4 Nd3 61. Bc5 Nxc5 62. bxc5 b4 63. Nd5 b3 64. Nb4 a5 65. Nd5 Rc2 66. c6 b2 67. Ne7+ Kf7 0-1

[Event "Omegna op-B 2nd"]
[Site "Omegna"]
[Date "2014.08.10"]
[Round "5"]
[White "Cavagna, Marco"]
[Black "Rossi, Emanuele"]
[Result "1-0"]
[WhiteElo "1497"]
[BlackElo "1605"]
[PlyCount "135"]
[EventDate "2014.08.08"]
[EventType "swiss"]
[EventRounds "5"]
[EventCountry "ITA"]
[SourceTitle "EXT 2015"]
[Source "ChessBase"]
[SourceDate "2014.11.20"]
[SourceVersion "1"]
[SourceVersionDate "2014.11.20"]
[SourceQuality "1"]

1. d4 c5 2. e3 cxd4 3. exd4 d5 4. Nf3 Nf6 5. c4 g6 6. Nc3 Bg7 7. Bf4 a6 8. Bd3 0-0 9. 0-0 Nc6 10. h3 Bf5 11. b3 Bxd3 12. Qxd3 Nb4 13. Qd2 Nh5 14. a3 Nxf4 15. axb4 Bh6 16. Qd1 e6 17. Re1 Qf6 18. Ne5 Qg5 19. Qf3 Rad8 20. cxd5 exd5 21. Kh2 f6 22. Ng4 Rfe8 23. g3 Nh5 24. h4 Qd2 25. Nxh6+ Qxh6 26. Nxd5 Qf8 27. Rac1 Rxe1 28. Rxe1 Qd6 29. Nf4 Nxf4 30. Qxf4 Qxf4 31. gxf4 Rxd4 32. Re6 Rxb4 33. Rxf6 Rxb3 34. Rd6 a5 35. Rd8+ Kg7 36. Ra8 b6 37. Ra7+ Kh6 38. Kg2 b5 39. Rxa5 Kh5 40. Ra7 h6 41. Rg7 Rc3 42. f3 Rc6 43. Kg3 Rb6 44. Rd7 g5 45. Rd5 Kg6 46. fxg5 h5 47. f4 b4 48. f5+ Kg7 49. Rd7+ Kf8 50. f6 b3 51. Rd1 b2 52. Rb1 Kf7 53. Kf4 Kg6 54. Kg3 Rb3+ 55. Kg2 Rb4 56. Kg3 Rg4+ 57. Kh3 Rb4 58. Kg3 Kf7 59. Kh3 Rb8 60. Kg3 Ke6 61. Kf4 Kd5 62. g6 Ke6 63. Kg5 Rb5+ 64. Kh6 Kxf6 65. g7 Kf7 66. Kh7 Rb7 67. g8Q+ Kf6+ 68. Kh6 1-0

[Event "Robecchetto op-B 24th"]
[Site "Robecchetto"]
[Date "2013.12.27"]
[Round "1"]
[White "Rossi, Emanuele"]
[Black "Novi, Giuseppe"]
[Result "1-0"]
[WhiteElo "1628"]
[BlackElo "1822"]
[PlyCount "63"]
[EventDate "2013.12.27"]
[EventType "swiss"]
[EventRounds "6"]
[EventCountry "ITA"]
[SourceTitle "EXT 2015"]
[Source "ChessBase"]
[SourceDate "2014.11.20"]
[SourceVersion "1"]
[SourceVersionDate "2014.11.20"]
[SourceQuality "1"]

1. e4 c6 2. Nf3 d5 3. Nc3 Bg4 4. d4 e6 5. Be2 Nd7 6. Nd2 Bxe2 7. Nxe2 dxe4 8. Nxe4 Ngf6 9. N2g3 Bb4+ 10. c3 Ba5 11. Nd6+ Ke7 12. Bf4 Bc7 13. Nxb7 Qc8 14. Bxc7 Qxc7 15. Nc5 Nxc5 16. dxc5 Rhd8 17. Qe2 Rd5 18. 0-0 Rxc5 19. f4 Kf8 20. Qe3 Rb5 21. c4 Rxb2 22. Qa3+ Kg8 23. Qxb2 Rb8 24. Qe2 Qa5 25. Kh1 h5 26. f5 h4 27. Nh5 Nxh5 28. Qxh5 exf5 29. Qxh4 Rb2 30. Rad1 Rd2 31. Rb1 Qe5 32. Rfe1 1-0

[Event "Omegna op 1st"]
[Site "Omegna"]
[Date "2013.07.05"]
[Round "3"]
[White "Bianchi, Simone"]
[Black "Rossi, Emanuele"]
[Result "1-0"]
[WhiteElo "1814"]
[BlackElo "1564"]
[PlyCount "71"]
[EventDate "2013.07.04"]
[EventType "swiss"]
[EventRounds "6"]
[EventCountry "ITA"]
[SourceTitle "EXT 2014"]
[Source "ChessBase"]
[SourceDate "2013.11.20"]
[SourceVersion "1"]
[SourceVersionDate "2013.11.20"]
[SourceQuality "1"]

1. e4 d5 2. exd5 Qxd5 3. c4 Qd6 4. d4 Nc6 5. d5 Ne5 6. Nc3 Qg6 7. Nb5 Kd8 8. Bf4 Qe4+ 9. Be3 Nf6 10. Nc3 Qf5 11. Qd4 Nfd7 12. 0-0-0 e6 13. f4 Bc5 14. Qd2 Bxe3 15. Qxe3 Ng4 16. Qd2 exd5 17. Bd3 Qh5 18. Nxd5 c6 19. Nc3 Kc7 20. Nf3 b6 21. h3 Ngf6 22. g4 Qc5 23. b4 Qf8 24. Rhe1 Bb7 25. Bf5 Rd8 26. g5 g6 27. gxf6 gxf5 28. Re7 Bc8 29. Ne5 Qh6 30. Qd6+ Kb7 31. Nxd7 Bxd7 32. Rxd7+ Rxd7 33. Qxd7+ Ka6 34. b5+ cxb5 35. Qxb5+ Kb7 36. Rd7+ 1-0

[Event "Robecchetto Spring op 10th"]
[Site "Robecchetto"]
[Date "2013.05.23"]
[Round "7"]
[White "Rossi, Emanuele"]
[Black "Buonasorte, Roberto"]
[Result "0-1"]
[WhiteElo "1559"]
[BlackElo "1452"]
[PlyCount "80"]
[EventDate "2013.04.04"]
[EventType "swiss"]
[EventRounds "7"]
[EventCountry "ITA"]
[SourceTitle "EXT 2024"]
[Source "ChessBase"]
[SourceDate "2023.10.10"]
[SourceVersion "1"]
[SourceVersionDate "2023.10.10"]
[SourceQuality "1"]

1. e4 e6 2. Nf3 b6 3. d4 d5 4. Bd3 Bb7 5. e5 c5 6. c3 c4 7. Bc2 Ne7 8. 0-0 Nd7 9. Na3 a6 10. b4 b5 11. Ng5 f5 12. Nxe6 Qb6 13. Nf4 g6 14. e6 Nf6 15. Re1 Nc6 16. Qf3 0-0-0 17. Be3 a5 18. Nb1 axb4 19. Rd1 Ne4 20. Bxe4 dxe4 21. Qg3 Qa5 22. d5 Ne5 23. Qg5 bxc3 24. Nxc3 Qxc3 25. e7 Bxe7 26. Qxe7 Nd3 27. d6 Rd7 28. Qe6 Qe5 29. Qxe5 Nxe5 30. Bd4 Re8 31. Bb6 Nd3 32. Nxd3 exd3 33. Bc7 g5 34. a4 b4 35. Rac1 Ba6 36. Kf1 c3 37. Ra1 c2 38. Rd2 b3 39. f3 b2 40. Ra3 c1Q+ 0-1